[Event "DVM U14w 2015"]
[Site "Magdeburg GER"]
[Date "2015.12.29"]
[Round "5"]
[White "Berelowitsch, Dana"]
[Black "Schnabel, Luise"]
[Result "1/2-1/2"]
[Termination "normal"]
[Board "2.2"]
[WhiteElo "1399"]
[BlackElo "1599"]
[WhiteClock "00:05:05"]
[BlackClock "00:26:03"]
[WhiteTeam "SG Solingen"]
[BlackTeam "Schachpinguine Berlin"]
[PlyCount "59"]
[WhiteFideId "12977144"]
[BlackFideId "12943347"]
[EventCountry "GER"]
[EventRounds "7"]
[EventType "team-swiss"]
[EventDate "2015.12.26"]

1. e4 c5 2. c3 d6 3. d4 cxd4 4. cxd4 Nf6 5. Nc3 g6 6. Nf3 Bg7 7. Be2 O-O 8. O-O
a6 9. Bg5 h6 10. Bh4 Nc6 11. d5 Nb8 12. Qd2 Kh7 13. Kh1 b5 14. a3 Nbd7 15. Nd4
Bb7 16. f4 Nc5 17. Qe3 Qd7 18. b4 Na4 19. Nxa4 bxa4 20. f5 g5 21. Bg3 Rac8 22.
h4 g4 23. Rac1 Rxc1 24. Rxc1 Rc8 25. Rxc8 Qxc8 26. Kh2 Qc7 27. Bd1 Qc4 28. Be2
Qc7 29. Kh1 Qc8 30. Kh2 1/2-1/2

[Event "DVM U14w 2015"]
[Site "Magdeburg GER"]
[Date "2015.12.29"]
[Round "5"]
[White "Grey, Andrea"]
[Black "Kublanov, Carolin"]
[Result "1-0"]
[Termination "normal"]
[Board "2.3"]
[WhiteElo "1364"]
[BlackElo "1607"]
[WhiteClock "00:06:57"]
[BlackClock "00:22:52"]
[WhiteTeam "Schachpinguine Berlin"]
[BlackTeam "SG Solingen"]
[PlyCount "57"]
[WhiteFideId "12971880"]
[BlackFideId "12944548"]
[EventCountry "GER"]
[EventRounds "7"]
[EventType "team-swiss"]
[EventDate "2015.12.26"]

1. Nf3 d5 2. d4 Bf5 3. b3 e6 4. a3 c6 5. Bb2 Bd6 6. e3 Nd7 7. c4 Qe7 8. Nc3 h6
9. Be2 Ngf6 10. O-O O-O 11. h3 Ne4 12. b4 Bh7 13. b5 f5 14. cxd5 exd5 15. bxc6
bxc6 16. a4 g5 17. Nxe4 dxe4 18. Bc4+ Kh8 19. d5+ Nf6 20. Nd2 Rab8 21. Rb1 cxd5
22. Bxf6+ Qxf6 23. Rxb8 Rxb8 24. Bxd5 Rd8 25. Bc4 Bb4 26. Nxe4 fxe4 27. Qb1 Rb8
28. Qd1 Qa6 29. Qa1+ 1-0

[Event "DVM U14w 2015"]
[Site "Magdeburg GER"]
[Date "2015.12.29"]
[Round "5"]
[White "Bashylina, Luisa"]
[Black "Zhou, Lepu Coco"]
[Result "0-1"]
[Termination "normal"]
[Board "2.4"]
[WhiteElo "1231"]
[BlackElo "1050"]
[WhiteClock "01:23:32"]
[BlackClock "01:32:19"]
[WhiteTeam "SG Solingen"]
[BlackTeam "Schachpinguine Berlin"]
[PlyCount "114"]
[WhiteFideId "12983292"]
[BlackFideId "16217136"]
[EventCountry "GER"]
[EventRounds "7"]
[EventType "team-swiss"]
[EventDate "2015.12.26"]

1. e4 e5 2. Nf3 Nc6 3. d4 exd4 4. Nxd4 Nf6 5. Nxc6 bxc6 6. Bd3 d5 7. e5 Ng4 8.
O-O Bc5 9. Qe2 Nxf2 10. Rxf2 Bxf2+ 11. Qxf2 O-O 12. b3 f6 13. Qh4 h6 14. Bb2
fxe5 15. Qg3 Qg5 16. Qxg5 hxg5 17. Bxe5 Rf7 18. Nd2 Be6 19. Re1 Rc8 20. Bxc7
Rcxc7 21. Rxe6 Rfe7 22. Rd6 Rf7 23. Rd8+ Rf8 24. Bh7+ Kf7 25. Rd6 Ke8 26. Nf3
Rf6 27. Rxf6 gxf6 28. Kf2 Rxh7 29. h3 Kd7 30. Nd4 Kd6 31. Ke3 Re7+ 32. Kd3 Re4
33. c3 a6 34. c4 c5 35. Nf5+ Ke5 36. g4 dxc4+ 37. bxc4 Re1 38. Ne7 Rh1 39. Nc6+
Kf4 40. Nb8 Rxh3+ 41. Kc2 Kxg4 42. Nxa6 Kf5 43. a4 g4 44. Nxc5 g3 45. a5 g2 46.
Nb3 g1=Q 47. a6 Rxb3 48. Kxb3 Qa7 49. c5 Qxc5 50. a7 Qxa7 51. Kb4 Qc7 52. Kb5
Ke5 53. Kb4 Kd4 54. Kb5 Qc4+ 55. Ka5 Qb3 56. Ka6 Kc5 57. Ka7 Kc6 0-1

[Event "DVM U14w 2015"]
[Site "Magdeburg GER"]
[Date "2015.12.29"]
[Round "5"]
[White "Weimert, Miriam"]
[Black "Walow, Xenia"]
[Result "1/2-1/2"]
[Termination "normal"]
[Board "3.1"]
[WhiteElo "1694"]
[BlackElo "1532"]
[WhiteTeam "SF Sasbach"]
[BlackTeam "SK Blauer Springer Paderborn 1926"]
[PlyCount "40"]
[WhiteFideId "12966703"]
[BlackFideId "12971839"]
[EventCountry "GER"]
[EventRounds "7"]
[EventType "team-swiss"]
[EventDate "2015.12.26"]

1. e4 c5 2. d4 cxd4 3. c3 dxc3 4. Nxc3 Nc6 5. Nf3 d6 6. Bc4 e6 7. O-O Be7 8.
Qe2 Nf6 9. Rd1 e5 10. Be3 Bg4 11. h3 Bh5 12. Rac1 a6 13. Rc2 O-O 14. a4 Qc7 15.
Ba2 Nb4 16. Rcc1 Bxf3 17. Qxf3 Nxa2 18. Nxa2 Qd7 19. Nc3 Rfc8 20. Bg5 h6
1/2-1/2

[Event "DVM U14w 2015"]
[Site "Magdeburg GER"]
[Date "2015.12.29"]
[Round "5"]
[White "Möller, Lisa-Marie"]
[Black "Lohrmann, Tabea"]
[Result "1/2-1/2"]
[Termination "normal"]
[Board "3.2"]
[WhiteElo "1486"]
[BlackElo "1657"]
[WhiteTeam "SK Blauer Springer Paderborn 1926"]
[BlackTeam "SF Sasbach"]
[PlyCount "44"]
[WhiteFideId "12959367"]
[BlackFideId "12911941"]
[EventCountry "GER"]
[EventRounds "7"]
[EventType "team-swiss"]
[EventDate "2015.12.26"]

1. e4 d5 2. exd5 Qxd5 3. Nc3 Qd6 4. g3 a6 5. Bg2 e6 6. Nge2 Nf6 7. O-O Be7 8.
d3 c6 9. Be3 Nbd7 10. Re1 O-O 11. Nf4 b5 12. Nh5 Nxh5 13. Qxh5 Nf6 14. Qd1 Bb7
15. Ne4 Qd7 16. Nxf6+ Bxf6 17. Rb1 Rfd8 18. Be4 e5 19. Qh5 h6 20. Kh1 Qe6 21.
Rg1 Qxa2 22. g4 Kf8 1/2-1/2

[Event "DVM U14w 2015"]
[Site "Magdeburg GER"]
[Date "2015.12.29"]
[Round "5"]
[White "Ehmann, Johanna"]
[Black "Kesselmeier, Olivia"]
[Result "1-0"]
[Termination "normal"]
[Board "3.3"]
[WhiteElo "1689"]
[BlackElo "1078"]
[WhiteTeam "SF Sasbach"]
[BlackTeam "SK Blauer Springer Paderborn 1926"]
[PlyCount "79"]
[WhiteFideId "12953130"]
[BlackFideId "16211472"]
[EventCountry "GER"]
[EventRounds "7"]
[EventType "team-swiss"]
[EventDate "2015.12.26"]

1. e4 c5 2. Nf3 Nc6 3. d4 cxd4 4. Nxd4 e6 5. Nc3 a6 6. Be3 Nge7 7. f3 g6 8. Qd2
Bg7 9. O-O-O O-O 10. Kb1 d5 11. exd5 Nxd5 12. Nxd5 Qxd5 13. Nb3 Qxd2 14. Rxd2
Nb4 15. h4 Nd5 16. Bc5 Re8 17. h5 gxh5 18. Rxh5 Nf6 19. Rg5 Kh8 20. Bd4 Rg8 21.
Bd3 h6 22. Rg3 Nh5 23. Rh3 Nf4 24. Bxg7+ Kxg7 25. Rg3+ Kh8 26. Rxg8+ Kxg8 27.
Be4 Rb8 28. Rd8+ Kg7 29. Nc5 f5 30. Bxb7 Nxg2 31. Rxc8 Rxc8 32. Bxc8 a5 33.
Nxe6+ Kg6 34. Nd4 Nh4 35. c4 Kf6 36. f4 h5 37. c5 Ke7 38. Nxf5+ Nxf5 39. Bxf5
Kf6 40. c6 1-0

[Event "DVM U14w 2015"]
[Site "Magdeburg GER"]
[Date "2015.12.29"]
[Round "5"]
[White "Rust, Emily"]
[Black "Schneider, Katharina"]
[Result "0-1"]
[Termination "normal"]
[Board "3.4"]
[WhiteElo "910"]
[BlackElo "1155"]
[WhiteTeam "SK Blauer Springer Paderborn 1926"]
[BlackTeam "SF Sasbach"]
[PlyCount "38"]
[WhiteFideId "16211499"]
[BlackFideId "16200519"]
[EventCountry "GER"]
[EventRounds "7"]
[EventType "team-swiss"]
[EventDate "2015.12.26"]

1. d4 d5 2. Nf3 Nf6 3. e3 e6 4. Bd3 c5 5. c3 Nc6 6. Qe2 Qc7 7. e4 dxe4 8. Bxe4
Nxe4 9. Qxe4 cxd4 10. cxd4 Nxd4 11. Qxd4 Qxc1+ 12. Qd1 Bb4+ 13. Nc3 Qxb2 14.
Qa4+ Bd7 15. Rb1 Qxc3+ 16. Ke2 Bxa4 17. Rhc1 Bb5+ 18. Kd1 Qd3+ 19. Nd2 Qxd2#
0-1

[Event "DVM U14w 2015"]
[Site "Magdeburg GER"]
[Date "2015.12.29"]
[Round "5"]
[White "Wagner, Lena"]
[Black "Reinecke, Katharina"]
[Result "0-1"]
[Termination "normal"]
[Board "4.1"]
[WhiteElo "1057"]
[BlackElo "1853"]
[WhiteTeam "SK Endingen"]
[BlackTeam "SK Langen"]
[PlyCount "100"]
[WhiteFideId "12983470"]
[BlackFideId "12929727"]
[EventCountry "GER"]
[EventRounds "7"]
[EventType "team-swiss"]
[EventDate "2015.12.26"]

1. e4 c6 2. d4 d5 3. e5 Bf5 4. Bd3 Bxd3 5. Qxd3 e6 6. Nf3 Ne7 7. Bf4 Nf5 8. Nc3
c5 9. dxc5 Bxc5 10. Qb5+ Nd7 11. Bg5 Qc7 12. Qa4 O-O 13. Nb5 Qc6 14. O-O a6 15.
Nc3 Qxa4 16. Nxa4 Ba7 17. Rad1 h6 18. Bf4 Rac8 19. Rd2 Rc4 20. Bg3 Rxa4 21. a3
Rc4 22. Rfd1 Rfc8 23. Ne1 Nxg3 24. hxg3 Nxe5 25. b3 R4c7 26. Kf1 b5 27. Rc1 Nd7
28. Nd3 Nf6 29. Ne5 Ne4 30. Re2 Nxf2 31. c4 bxc4 32. bxc4 dxc4 33. a4 Nd3 34.
Nxd3 cxd3 35. Rxc7 dxe2+ 36. Kxe2 Rxc7 37. a5 Rc3 38. g4 f5 39. gxf5 exf5 40.
Kf1 Rc2 41. g3 Kf7 42. Ke1 Ke6 43. Kd1 Rh2 44. Kc1 Kd5 45. Kb1 Kc4 46. Kc1 Kd3
47. g4 fxg4 48. Kb1 Kc3 49. Ka1 Kb3 50. Kb1 Rh1# 0-1

[Event "DVM U14w 2015"]
[Site "Magdeburg GER"]
[Date "2015.12.29"]
[Round "5"]
[White "Poetsch, Leonore"]
[Black "Reinbold, Sorah Marie"]
[Result "1-0"]
[Termination "normal"]
[Board "4.2"]
[WhiteElo "1790"]
[BlackElo "917"]
[WhiteTeam "SK Langen"]
[BlackTeam "SK Endingen"]
[PlyCount "69"]
[WhiteFideId "12940372"]
[BlackFideId "12983497"]
[EventCountry "GER"]
[EventRounds "7"]
[EventType "team-swiss"]
[EventDate "2015.12.26"]

1. e4 c6 2. Nf3 d5 3. Nc3 Nf6 4. e5 Ng4 5. d4 e6 6. Bd3 Bb4 7. Bd2 O-O 8. Bxh7+
Kh8 9. Bd3 c5 10. h3 Nh6 11. Bxh6 gxh6 12. Qd2 Kg7 13. dxc5 Bxc5 14. O-O-O f5
15. exf6+ Rxf6 16. h4 Nc6 17. Rde1 Bd6 18. Kb1 Bf4 19. Qd1 e5 20. g3 Bxg3 21.
Rhg1 Kf7 22. Rxg3 e4 23. Bxe4 dxe4 24. Qxd8 Nxd8 25. Nxe4 Re6 26. Rd1 Nc6 27.
Nd6+ Ke7 28. Nxc8+ Rxc8 29. Rg7+ Kf6 30. Rxb7 Re2 31. Rd6+ Kf5 32. Rf7+ Kg4 33.
Rg6+ Kh5 34. Rg1 Rce8 35. Rf5# 1-0

[Event "DVM U14w 2015"]
[Site "Magdeburg GER"]
[Date "2015.12.29"]
[Round "5"]
[White "Wagner, Anna"]
[Black "Flach, Helene"]
[Result "0-1"]
[Termination "normal"]
[Board "4.3"]
[WhiteElo "1006"]
[BlackElo "1785"]
[WhiteTeam "SK Endingen"]
[BlackTeam "SK Langen"]
[PlyCount "114"]
[WhiteFideId "12983489"]
[BlackFideId "12929735"]
[EventCountry "GER"]
[EventRounds "7"]
[EventType "team-swiss"]
[EventDate "2015.12.26"]

1. e4 c5 2. Bc4 e6 3. Nf3 a6 4. Nc3 b5 5. Be2 Bb7 6. d3 Nf6 7. Bg5 Be7 8. O-O
d6 9. e5 dxe5 10. Nxe5 Nbd7 11. Bf4 Nb6 12. Bf3 Nbd5 13. Nxd5 Bxd5 14. Nc6 Qd7
15. Nxe7 Qxe7 16. Bg5 Rd8 17. Qe2 O-O 18. c4 Bxf3 19. Qxf3 h6 20. Bxf6 Qxf6 21.
Qxf6 gxf6 22. Rfd1 Rd4 23. Rac1 b4 24. b3 Rfd8 25. Kf1 Rxd3 26. Rxd3 Rxd3 27.
Ke2 Rd7 28. Ke3 Kg7 29. Kf4 Rd2 30. Kf3 Rxa2 31. Rd1 Ra3 32. Rd3 a5 33. Ke3 a4
34. bxa4 Rxa4 35. Ke2 Ra2+ 36. Ke1 Ra3 37. Rd2 Rc3 38. Rb2 Rxc4 39. Ke2 Rd4 40.
Ke3 Kg6 41. Rc2 Rd5 42. Rb2 Kf5 43. Kf3 Rd3+ 44. Ke2 Ke4 45. f3+ Kd4 46. Rc2 c4
47. Rb2 b3 48. g3 Kc3 49. Rb1 b2 50. f4 Kc2 51. Re1 b1=Q 52. Rxb1 Kxb1 53. Kf2
c3 54. h4 c2 55. g4 c1=Q 56. Ke2 Qc2+ 57. Ke1 Rd1# 0-1

[Event "DVM U14w 2015"]
[Site "Magdeburg GER"]
[Date "2015.12.29"]
[Round "5"]
[White "Riegel, Arinna"]
[Black "Henninger, Claire"]
[Result "1-0"]
[Termination "normal"]
[Board "4.4"]
[WhiteElo "1691"]
[BlackElo "747"]
[WhiteTeam "SK Langen"]
[BlackTeam "SK Endingen"]
[PlyCount "113"]
[WhiteFideId "12931446"]
[BlackFideId "16200659"]
[EventCountry "GER"]
[EventRounds "7"]
[EventType "team-swiss"]
[EventDate "2015.12.26"]

1. e4 c6 2. d4 d5 3. exd5 cxd5 4. Bd3 Nc6 5. c3 Nf6 6. h3 Bd7 7. Qf3 e6 8. Ne2
Bd6 9. Bg5 Be7 10. O-O O-O 11. Ng3 e5 12. Bxf6 Bxf6 13. dxe5 Nxe5 14. Qxd5 Rb8
15. Na3 Bc6 16. Qxd8 Rfxd8 17. Be4 Bb5 18. Nxb5 a6 19. Na3 Be7 20. Nc2 b5 21.
Rad1 g6 22. Nd4 Rd7 23. Nc6 Rxd1 24. Nxe7+ Kf8 25. Nxg6+ hxg6 26. Rxd1 f5 27.
Bc2 Kg7 28. Bb3 a5 29. Rd5 Nf7 30. Rd7 Rf8 31. Bxf7 Rxf7 32. Rxf7+ Kxf7 33. Kf1
Ke6 34. Ne2 Ke5 35. Nd4 b4 36. Nc6+ Kd5 37. Nxa5 bxc3 38. bxc3 Ke5 39. Ke2 f4
40. Kd3 g5 41. c4 Kd6 42. Ke4 Kc5 43. Kf5 Kd6 44. Kxg5 Kc7 45. c5 Kd7 46. c6+
Ke7 47. h4 Kd6 48. h5 Ke7 49. h6 Kf8 50. c7 Kf7 51. c8=Q Ke7 52. Nc4 f3 53.
Qc7+ Ke6 54. Qd6+ Kf7 55. Qd7+ Kf8 56. Ne5 Kg8 57. Qg7# 1-0

[Event "DVM U14w 2015"]
[Site "Magdeburg GER"]
[Date "2015.12.29"]
[Round "5"]
[White "Kunisch, Nina"]
[Black "Fromm, Katja"]
[Result "0-1"]
[Termination "normal"]
[Board "5.1"]
[WhiteElo "1406"]
[BlackElo "1653"]
[WhiteTeam "SK Neumarkt"]
[BlackTeam "Muldental Wilkau-Haßlau"]
[PlyCount "100"]
[WhiteFideId "12982849"]
[BlackFideId "12929409"]
[EventCountry "GER"]
[EventRounds "7"]
[EventType "team-swiss"]
[EventDate "2015.12.26"]

1. e4 c6 2. Nc3 d5 3. Nf3 Bg4 4. Be2 Bxf3 5. Bxf3 e6 6. g3 Nf6 7. d3 Nbd7 8.
Bd2 Be7 9. O-O O-O 10. exd5 exd5 11. Bf4 Re8 12. Re1 Nc5 13. b3 Ne6 14. Bc1 Bb4
15. Bd2 Nd4 16. Rxe8+ Qxe8 17. Bg2 Bxc3 18. Bxc3 Ne2+ 19. Kh1 Nxc3 20. Qd2 Nb5
21. c4 Nc7 22. Re1 Qd7 23. Qb4 Re8 24. Rf1 Na6 25. Qc3 dxc4 26. dxc4 Nc7 27.
Kg1 Rd8 28. h3 Ne6 29. Qe3 Qd4 30. Qc1 Ne4 31. Qa3 Nxg3 32. Re1 h6 33. b4 Nf5
34. c5 a6 35. Qb3 Qd3 36. Qb2 Qd2 37. Qb1 Ne7 38. a3 Nd5 39. Rf1 Ndf4 40. Qe4
Nxg2 41. Qxg2 Qg5 42. Qxg5 Nxg5 43. Kg2 Rd3 44. h4 Ne6 45. a4 Rb3 46. b5 axb5
47. axb5 Rxb5 48. Ra1 Rxc5 49. Ra8+ Kh7 50. h5 Rxh5 0-1

[Event "DVM U14w 2015"]
[Site "Magdeburg GER"]
[Date "2015.12.29"]
[Round "5"]
[White "Böhle, Rebecca"]
[Black "Schilay, Maria"]
[Result "1-0"]
[Termination "normal"]
[Board "5.2"]
[WhiteElo "1472"]
[BlackElo "1190"]
[WhiteTeam "Muldental Wilkau-Haßlau"]
[BlackTeam "SK Neumarkt"]
[PlyCount "67"]
[WhiteFideId "12963933"]
[BlackFideId "12942979"]
[EventCountry "GER"]
[EventRounds "7"]
[EventType "team-swiss"]
[EventDate "2015.12.26"]

1. e4 e5 2. Nf3 Nc6 3. Bc4 Nf6 4. d3 Bc5 5. Nc3 h6 6. Be3 Bb6 7. Qd2 d6 8. Ne2
Be6 9. Bb3 Qd7 10. Ng3 O-O 11. O-O d5 12. exd5 Nxd5 13. Bxb6 axb6 14. Rfe1 Qd6
15. c3 f5 16. d4 e4 17. Nh4 Rad8 18. c4 Ndb4 19. d5 Ne5 20. Qc3 Nbd3 21. dxe6
Nxe1 22. Ngxf5 Rxf5 23. Nxf5 Qf8 24. e7 Qxf5 25. exd8=Q+ Kh7 26. Qxe1 Nd3 27.
Qe2 Qg6 28. Qxc7 h5 29. Qg3 Qf5 30. Bc2 Nxb2 31. Bxe4 Qxe4 32. Qxe4+ Kg8 33.
Qe7 g6 34. Qb8# 1-0

[Event "DVM U14w 2015"]
[Site "Magdeburg GER"]
[Date "2015.12.29"]
[Round "5"]
[White "Held, Fabienne"]
[Black "Von Jan, Lena"]
[Result "0-1"]
[Termination "normal"]
[Board "5.3"]
[WhiteElo "1157"]
[BlackElo "1424"]
[WhiteTeam "SK Neumarkt"]
[BlackTeam "Muldental Wilkau-Haßlau"]
[PlyCount "65"]
[WhiteFideId "12964670"]
[BlackFideId "12946060"]
[EventCountry "GER"]
[EventRounds "7"]
[EventType "team-swiss"]
[EventDate "2015.12.26"]

1. e4 e5 2. Nf3 Nc6 3. Bc4 Bc5 4. Nc3 d6 5. h3 Nf6 6. d3 Be6 7. Bb3 Ne7 8. Bg5
Ng6 9. Nd5 Bxd5 10. Bxd5 c6 11. Bc4 h6 12. Be3 Bb6 13. Qd2 O-O 14. Bb3 d5 15.
exd5 cxd5 16. d4 e4 17. Ne5 Qd6 18. Bf4 Nxf4 19. Qxf4 Bxd4 20. Ng6 Qxf4 21.
Nxf4 Bxb2 22. Rb1 Bc3+ 23. Kd1 Rfd8 24. Ba4 Rab8 25. Rb3 Bd4 26. Rf1 Bb6 27.
Kc1 Rbc8 28. Ne2 Rc7 29. Nc3 Rdc8 30. Kb2 Rxc3 31. Rxc3 Bd4 32. Kb1 Rxc3 33.
Bb5 0-1

[Event "DVM U14w 2015"]
[Site "Magdeburg GER"]
[Date "2015.12.29"]
[Round "5"]
[White "Dietzel, Emilie"]
[Black "Burger, Daiana"]
[Result "1-0"]
[Termination "normal"]
[Board "5.4"]
[WhiteElo "1160"]
[BlackElo "756"]
[WhiteTeam "Muldental Wilkau-Haßlau"]
[BlackTeam "SK Neumarkt"]
[PlyCount "59"]
[WhiteFideId "16217144"]
[BlackFideId "16217233"]
[EventCountry "GER"]
[EventRounds "7"]
[EventType "team-swiss"]
[EventDate "2015.12.26"]

1. e4 e5 2. Nf3 Nc6 3. d4 d6 4. d5 Nce7 5. Bg5 Nf6 6. Nc3 Bg4 7. Be2 Ng6 8.
Bb5+ c6 9. dxc6 Be7 10. c7+ Bd7 11. cxd8=Q+ Bxd8 12. Bxd7+ Nxd7 13. Bxd8 Rxd8
14. O-O O-O 15. Qe2 a6 16. Rfd1 Nc5 17. Rd2 Ne7 18. Rad1 Nc8 19. b4 Ne6 20. a4
Nf4 21. Qf1 Rfe8 22. g3 Nh5 23. a5 Na7 24. Rxd6 Rc8 25. R1d3 Nb5 26. Nxb5 axb5
27. Rd2 Rc3 28. Nxe5 Rxe5 29. Rd8+ Re8 30. Rxe8# 1-0

[Event "DVM U14w 2015"]
[Site "Magdeburg GER"]
[Date "2015.12.29"]
[Round "5"]
[White "Rudolph, Eva"]
[Black "Seeburger, Milena"]
[Result "1-0"]
[Termination "normal"]
[Board "6.1"]
[WhiteElo "1562"]
[BlackElo "1314"]
[WhiteTeam "Düsseldorfer SK 14/25"]
[BlackTeam "SC 1948 Ersingen"]
[PlyCount "89"]
[WhiteFideId "16200594"]
[BlackFideId "16217306"]
[EventCountry "GER"]
[EventRounds "7"]
[EventType "team-swiss"]
[EventDate "2015.12.26"]

1. e4 e6 2. d4 d5 3. Nd2 Bb4 4. c3 Be7 5. Ngf3 Nf6 6. e5 Nfd7 7. Bd3 c5 8. O-O
f6 9. exf6 Bxf6 10. Re1 Qe7 11. Bf5 Nf8 12. dxc5 Qxc5 13. Nb3 Qd6 14. c4 Kf7
15. Bh3 Nc6 16. Ng5+ Bxg5 17. Bxg5 Bd7 18. Qf3+ Kg8 19. cxd5 Qxd5 20. Qg3 Nd4
21. Bf6 Ng6 22. Bxd4 Rf8 23. Rad1 Qc6 24. Bxa7 Ra8 25. Rxd7 Re8 26. Red1 e5 27.
Rd8 h6 28. Bb6 Kh7 29. R8d6 Qc2 30. Qf3 Rhf8 31. Qg3 Rf6 32. R6d2 Qc6 33. Bd7
Qxb6 34. Bxe8 Rf5 35. Bxg6+ Qxg6 36. Qxg6+ Kxg6 37. Rd7 b6 38. Rb7 Rf6 39. Rdd7
Kh5 40. Rxg7 Rd6 41. h3 Rd1+ 42. Kh2 Rb1 43. g4+ Kh4 44. Rxb6 Rxb2 45. Rxh6#
1-0

[Event "DVM U14w 2015"]
[Site "Magdeburg GER"]
[Date "2015.12.29"]
[Round "5"]
[White "Ruf, Judith"]
[Black "Paulweber, Lara Maria"]
[Result "0-1"]
[Termination "normal"]
[Board "6.2"]
[WhiteElo "902"]
[BlackElo "1404"]
[WhiteTeam "SC 1948 Ersingen"]
[BlackTeam "Düsseldorfer SK 14/25"]
[PlyCount "176"]
[WhiteFideId "16217314"]
[BlackFideId "12954411"]
[EventCountry "GER"]
[EventRounds "7"]
[EventType "team-swiss"]
[EventDate "2015.12.26"]

1. e4 e6 2. Nc3 d5 3. d4 Nf6 4. e5 Nfd7 5. Nf3 c5 6. Bb5 a6 7. Bxd7+ Bxd7 8.
Bf4 Nc6 9. O-O Qb6 10. Na4 Qb5 11. b3 Qa5 12. c3 Nb8 13. Bd2 Bxa4 14. bxa4 cxd4
15. cxd4 Bb4 16. Rb1 Bxd2 17. Nxd2 Ra7 18. a3 Nc6 19. Nf3 O-O 20. Qc2 h6 21.
Rb3 Rb8 22. Re3 Qc7 23. Nh4 Qb6 24. Rd1 Nxd4 25. Qd3 Nc6 26. Rg3 Qb2 27. f4 b5
28. Re1 Qd4+ 29. Qe3 Qxe3+ 30. Rexe3 bxa4 31. f5 Re8 32. f6 g6 33. Nf3 Rb7 34.
Nd2 h5 35. h4 Nd4 36. Rg5 Rf8 37. g4 hxg4 38. Rxg4 Kh7 39. Rxd4 Rg8 40. Rxa4
Rb6 41. Rh3 Kh6 42. Rg4 Rbb8 43. Rg5 Rbc8 44. Kf1 Rc1+ 45. Ke2 Rc2 46. Kd3 Rgc8
47. Nb1 Rc1 48. Rhg3 Rxb1 49. Kd2 Rb2+ 50. Ke3 Rb3+ 51. Kd2 Rxg3 52. Rxg3 Kh5
53. Rh3 Rc4 54. Rb3 Rc7 55. a4 Kxh4 56. Rb6 Ra7 57. Ke3 Kg3 58. a5 g5 59. Rb4
g4 60. Ke2 Rc7 61. Rb6 Kh2 62. Rxa6 g3 63. Ra8 g2 64. Rh8+ Kg3 65. Rg8+ Kf4 66.
Rxg2 Kxe5 67. Kd3 Kxf6 68. a6 Ra7 69. Ra2 Ke5 70. Re2+ Kd6 71. Ra2 Kc6 72. Kd4
Kb6 73. Ke5 Rxa6 74. Rb2+ Kc6 75. Rc2+ Kd7 76. Kf6 Kd6 77. Kxf7 e5 78. Kf6 d4
79. Kf5 Kd5 80. Rc1 d3 81. Rd1 e4 82. Kf4 Kd4 83. Kg3 Rf6 84. Kh2 Rf2+ 85. Kg1
e3 86. Rxd3+ Kxd3 87. Kh1 e2 88. Kg1 e1=Q# 0-1

[Event "DVM U14w 2015"]
[Site "Magdeburg GER"]
[Date "2015.12.29"]
[Round "5"]
[White "Sokolowski, Judith"]
[Black "Wackernagel, Sara"]
[Result "1-0"]
[Termination "normal"]
[Board "6.3"]
[WhiteElo "1217"]
[BlackElo "996"]
[WhiteTeam "Düsseldorfer SK 14/25"]
[BlackTeam "SC 1948 Ersingen"]
[PlyCount "165"]
[WhiteFideId "16200624"]
[BlackFideId "16217322"]
[EventCountry "GER"]
[EventRounds "7"]
[EventType "team-swiss"]
[EventDate "2015.12.26"]

1. e4 e5 2. Nf3 Nc6 3. Bb5 Nf6 4. d4 Nxe4 5. dxe5 Bc5 6. O-O O-O 7. Qd3 f5 8.
exf6 Nxf6 9. Qc4+ Kh8 10. Qxc5 d6 11. Qa3 Bg4 12. Bxc6 bxc6 13. Bg5 Qe8 14.
Nbd2 Ne4 15. Rfe1 d5 16. Nxe4 dxe4 17. Nd4 Qg6 18. Qe3 Rae8 19. Bh4 Bf3 20. Qg5
Bh5 21. Qxg6 Bxg6 22. Nxc6 a6 23. Re3 Re6 24. Nd4 Rb6 25. Nb3 Re8 26. Rae1 Rc6
27. c3 Rc4 28. f3 Ra4 29. fxe4 Rxa2 30. R3e2 Ra4 31. Bg3 Bxe4 32. Nc5 h6 33.
Rxe4 Rexe4 34. Nxe4 Ra2 35. b4 Ra4 36. Bxc7 Kh7 37. Nc5 Ra2 38. h3 Rc2 39. Be5
g5 40. Nxa6 h5 41. b5 Kg6 42. Rf1 g4 43. h4 g3 44. Bxg3 Rxc3 45. Bh2 Rb3 46.
Nc7 Rb4 47. Be5 Kh6 48. g3 Kh7 49. Rf6 Rb3 50. b6 Rb1+ 51. Kg2 Kg8 52. Ne6 Rxb6
53. Rf8+ Kh7 54. Ng5+ Kh6 55. Rf6+ Rxf6 56. Bxf6 Kg6 57. Bd4 Kf5 58. Kf3 Kg6
59. Kf4 Kh6 60. Ne6 Kg6 61. Nf8+ Kh6 62. Nd7 Kg6 63. g4 Kh6 64. g5+ Kg6 65.
Nf8+ Kf7 66. Kf5 Kg8 67. Kg6 Kxf8 68. Kh7 Ke7 69. g6 Ke6 70. g7 Kf5 71. g8=Q
Ke4 72. Qg5 Kxd4 73. Qf5 Ke3 74. Kg7 Kd4 75. Kf6 Ke3 76. Ke5 Kd2 77. Qf3 Kc2
78. Qe3 Kb2 79. Qd3 Ka2 80. Qb5 Ka3 81. Kd4 Ka2 82. Kc3 Ka1 83. Qb2# 1-0

[Event "DVM U14w 2015"]
[Site "Magdeburg GER"]
[Date "2015.12.29"]
[Round "5"]
[White "Georgieva, Kalina"]
[Black "Kogan, Dina Rachel"]
[Result "0-1"]
[Termination "normal"]
[Board "6.4"]
[WhiteElo "732"]
[BlackElo "1200"]
[WhiteTeam "SC 1948 Ersingen"]
[BlackTeam "Düsseldorfer SK 14/25"]
[PlyCount "96"]
[WhiteFideId "16217330"]
[BlackFideId "16200608"]
[EventCountry "GER"]
[EventRounds "7"]
[EventType "team-swiss"]
[EventDate "2015.12.26"]

1. e4 d5 2. Nc3 dxe4 3. Nxe4 e6 4. a3 Nd7 5. Bc4 Ngf6 6. d3 Be7 7. Nf3 O-O 8.
Bf4 b6 9. Ne5 Bb7 10. Bb5 Nxe5 11. Bxe5 Nxe4 12. dxe4 Qxd1+ 13. Rxd1 Rfd8 14.
O-O Bxe4 15. Bxc7 Rdc8 16. Rd7 Bf8 17. Rfd1 Bxc2 18. R1d4 Bb3 19. Bc6 Bd5 20.
Bxa8 Bxa8 21. h3 Bd5 22. Bd6 Rc1+ 23. Kh2 Bxd6+ 24. Rxd6 f6 25. Rd7 Rc2 26. Rg4
g6 27. Ra4 Bc6 28. Rdxa7 Bxa4 29. Rxa4 Rxb2 30. Ra6 Kf7 31. Ra7+ Ke8 32. Rxh7
Rxf2 33. Rh6 g5 34. Kg3 Rf5 35. h4 gxh4+ 36. Rxh4 Kd7 37. Rc4 e5 38. Kg4 Rg5+
39. Kf3 f5 40. g4 Rxg4 41. Rxg4 fxg4+ 42. Kxg4 Kc6 43. Kf5 Kd5 44. Kf6 e4 45.
Kf5 Kd4 46. Kf4 Kd3 47. Kg3 e3 48. Kg2 Kd2 0-1

[Event "DVM U14w 2015"]
[Site "Magdeburg GER"]
[Date "2015.12.29"]
[Round "5"]
[White "Kolb, Verena"]
[Black "Suhr, Saskia"]
[Result "1-0"]
[Termination "normal"]
[Board "7.1"]
[WhiteElo "1800"]
[BlackElo "1374"]
[WhiteTeam "SC Erlangen 48/88"]
[BlackTeam "SC Borussia 1920 Friedrichsfelde"]
[PlyCount "33"]
[WhiteFideId "12992313"]
[BlackFideId "16208803"]
[EventCountry "GER"]
[EventRounds "7"]
[EventType "team-swiss"]
[EventDate "2015.12.26"]

1. e4 c5 2. Nc3 Nc6 3. g3 d6 4. Bg2 Nf6 5. d3 g6 6. h3 Bg7 7. Be3 O-O 8. Qd2
Be6 9. Bh6 Qd7 10. Bxg7 Kxg7 11. Nge2 d5 12. exd5 Bxd5 13. Nxd5 Nxd5 14. O-O b6
15. Rfe1 Ne5 16. Nc3 Qxh3 17. Rxe5 1-0